000 01997nam0a2200409 i 4500
001 RU\NLR\BIBL_A\010953226
005 20260601063425.0
010 _a9785389091023
_95000
021 _aRU
_b2015-99569
_96199
035 _a(NILC)RuMoRGB-008105470
035 _a(NLR Aleph) 010953226
090 _a10783911
_c10783911
100 _a20160119d2016 d y0rusy50 ca
101 0 _arus
_aeng
102 _aRU
105 _aa z 000gy
200 1 _aАнглийская каша
_eрусско-английский словарь в стихах и картинках
_e[для среднего школьного возраста]
_fГ. Кружков, П. Синявский, А. Усачёв, Г. Дядина
_gхудож. Алексей Капнинский
210 _aМосква
_cМахаон
_cАзбука-Аттикус
_d2016
_d[т.е. 2015]
215 _a126, [1] с.
_cцв. ил., портр.
_d26
300 _aФактическая дата выхода в свет - 2015
333 _a6+
606 _aРусский язык
_xСловари
_xАнглийский язык
_91536876
_3RU\NLR\AUTH\66971036
675 _a821.161.1-93
686 0 _aШ9(2)62=Р7-5я43
686 1 _aШ141.12-491пер
686 1 _aШ143.21-491пер
701 1 _8rus
_7ca
_aКружков
_bГ. М.
_gГригорий Михайлович
_f1945-
_3RU\NLR\AUTH\7732372
_915380
701 1 _aСинявский
_bП. А.
_f1943-
_gПетр Алексеевич
_3RU\NLR\AUTH\77119802
_9102727
701 1 _8rus
_7ca
_aУсачев
_bА. А.
_f1958-
_gАндрей Алексеевич
_3RU\NLR\AUTH\771474
_9111499
701 1 _aДядина
_bГ. С.
_f1979-
_gГалина Сергеевна
_3RU\NLR\AUTH\7795825
_978751
702 1 _4440
_aКапнинский
_bА. В.
_f1960-
_gАлексей Владимирович
_9145947
_3RU\NLR\AUTH\770145983
801 0 _aRU
_bРГБ
_c20151225
_gRCR
942 _cBOOK
980 _aNBR